Idioma
English
Deutsch
Español
Français
Italiano
日本語
Nederlands
Português
Português (Brasil)
中文(简体)
中文(繁體)
Türkçe
עברית
Gaeilge
Cymraeg
Ελληνικά
Català
Euskara
Русский
Čeština
Suomi
Svenska
polski
Dansk
slovenščina
اللغة العربية
বাংলা
Galego
Tiếng Việt
Hrvatski
हिंदी
Հայերէն
Українська
Tots els camps
Títol
Autor
Matèria
ISBN/ISSN
Etiqueta
Identificador
Trobar
Avançada
№ 1; Известия Академии Наук СС...
Citar
Enviar aquest missatge de text
Enviar per correu electrònic aquest
Imprimir
Exportar registre
Exportar a RefWorks
Exportar a EndNoteWeb
Exportar a EndNote
Enllaç permanent
Cuireadh an easpórtáil i gcrích —
№ 1; Известия Академии Наук СССР. Отделение технических наук
Dades bibliogràfiques
Parent link:
Известия Академии Наук СССР. Отделение технических наук: научный журнал/ Академия наук СССР (АН СССР). № 1.— , 1937-1958
Idioma:
rus
Publicat:
1954
Format:
Llibre
KOHA link:
https://koha.lib.tpu.ru/cgi-bin/koha/opac-detail.pl?biblionumber=502514
Fons
Descripció
Ítems similars
Visualització del personal
MARC
LEADER
00000nam2a2200000 4500
001
502514
005
20231101102357.0
035
|a
(RuTPU)RU\TPU\prd\173035
035
|a
RU\TPU\prd\173023
090
|a
502514
100
|a
20130328b1954 k y0rusy50 ca
101
0
|a
rus
102
|a
RU
200
0
|a
№ 1
210
|d
1954
461
1
|0
(RuTPU)RU\TPU\prd\762
|t
Известия Академии Наук СССР. Отделение технических наук
|o
научный журнал
|f
Академия наук СССР (АН СССР)
|v
№ 1
|d
1937-1958
801
0
|a
RU
|b
63413507
|c
20010227
|g
PSBO
801
1
|a
RU
|b
63413507
|c
20130327
801
2
|a
RU
|b
63413507
|c
20130328
|g
RCR
942
|c
BK
999
|a
НТБ_ТПУ
|b
НФ
|e
-4/20130109
|p
П-701г
|u
0,00
|v
1
|x
9121
Ítems similars
№ 1; Известия Академии Наук СССР. Отделение технических наук
Publicat: (1946)
№ 1; Известия Академии Наук СССР. Отделение технических наук
Publicat: (1947)
№ 1; Известия Академии Наук СССР. Отделение технических наук
Publicat: (1948)
№ 1; Известия Академии Наук СССР. Отделение технических наук
Publicat: (1949)
№ 1; Известия Академии Наук СССР. Отделение технических наук
Publicat: (1941)